Noise: the problem of overlapping controls (Record no. 7775)

MARC details
000 -LEADER
fixed length control field 01024cab a2200229 4500
001 - CONTROL NUMBER
control field ABS38722
008 - FIXED-LENGTH DATA ELEMENTS--GENERAL INFORMATION
fixed length control field 090401t1988 xxu||||| |||| 00| 0 eng d
035 ## - SYSTEM CONTROL NUMBER
System control number (Sirsi) u12149
041 ## - LANGUAGE CODE
Language code of text/sound track or separate title eng
100 ## - MAIN ENTRY--PERSONAL NAME
Personal name Bettle, J.
245 ## - TITLE STATEMENT
Title Noise: the problem of overlapping controls
260 ## - PUBLICATION, DISTRIBUTION, ETC.
Date of publication, distribution, etc. 1988
300 ## - PHYSICAL DESCRIPTION
Extent (See also Abstract )
350 ## - PRICE (NR) (BK AM CF MU VM SE) [OBSOLETE]
Price 0
490 ## - SERIES STATEMENT
Series statement JPL
Volume/sequential designation (1988) 79-83(5)
520 ## - SUMMARY, ETC.
Summary, etc. With reference to caselaw, the author identifies the causes of action which exist to combat noise , differentiating between those available to private individuals and those available to local authorities. Then looks at the position when a clash of controls occurs, paying particular attention to the case Lloyds Bank v Guardian Assurance and Another (as yet unreported), which concerned a complaint of noise nuisance created during building works carried out on premises.
650 ## - SUBJECT ADDED ENTRY--TOPICAL TERM
Topical term or geographic name entry element CONTROL OF POLLUTION ACT 1974
650 ## - SUBJECT ADDED ENTRY--TOPICAL TERM
Topical term or geographic name entry element POLLUTION
690 ## - LOCAL SUBJECT ADDED ENTRY--TOPICAL TERM (OCLC, RLIN)
Topical term or geographic name as entry element PLANNING LAW AND PRACTICE
942 ## - ADDED ENTRY ELEMENTS (KOHA)
Suppress in OPAC 0
948 ## - LOCAL PROCESSING INFORMATION (OCLC); SERIES PART DESIGNATOR (RLIN)
c (OCLC) 04/03/1997
Holdings
Withdrawn status Lost status Source of classification or shelving scheme Damaged status Not for loan Home library Current library Shelving location Date acquired Total Checkouts Full call number Barcode Date last seen Copy number Price effective from Koha item type
    Dewey Decimal Classification     London London Journal article 14/09/1999   ABS38722 12149-1001 06/08/2019 1 06/08/2019 Journal article